Statistics for Canyonlands National Park Quiz

Click here to take the quiz!

General Stats

  • This quiz has been taken 19 times
  • The average score is 9 of 15

Answer Stats

GroupHintAnswer% Correct
Rivers in the parkColorado
92%
QuestionsMajor geologic provinceColorado {Plateau}
83%
QuestionsNearby town that provides most tourist servicesMoab
83%
QuestionsHighly sought-after mineral mined in the park during the Cold WarUranium
83%
Rivers in the parkGreen
75%
Districts of CanyonlandsNeedles
75%
QuestionsAncient culture that left many petroglyphsAncestral Puebloans
58%
Districts of CanyonlandsIsland in the Sky
58%
Districts of CanyonlandsThe Maze
58%
Districts of CanyonlandsRivers
50%
Districts of Canyonlands{Horseshoe} Canyon
42%
QuestionsNative tree that produces edible nuts{Piñon} Pine
33%
Questions71-mile 4-wheel-drive road named for a sandstone formationWhite Rim
33%
QuestionsTerm for animals active at dawn and duskCrepuscular
25%
QuestionsWord for naturally-occurring potassium saltsPotash
17%

Score Distribution

Percentile by Number Answered

Percent of People with Each Score

Your Score History

You have not taken this quiz